| Tag |
First Indicator |
Second Indicator |
Subfields |
| LEADER |
00000cem a2200000Ia 4500 |
| 001 |
in00002535321 |
| 005 |
20151113131847.0 |
| 007 |
aj aanzn |
| 008 |
860221s1984 vauk a f 1 eng d |
| 034 |
1 |
|
|a a
|b 125000
|d W0721500
|e W0713000
|f N0412300
|g N0410000
|
| 035 |
|
|
|a (OCoLC)ocm13178761
|
| 035 |
|
|
|a (OCoLC)13178761
|
| 040 |
|
|
|a GIS
|c GIS
|d OCL
|d OCLCQ
|d UtOrBLW
|
| 043 |
|
|
|a n-us-ri
|
| 049 |
|
|
|a TXAM
|
| 050 |
|
4 |
|a QE350.2.B66
|b N44 1984
|
| 052 |
|
|
|a 3772
|b B55
|
| 086 |
|
|
|a I 19.113:MF-1621
|
| 100 |
1 |
|
|a Needell, Sally W.
|
| 245 |
1 |
0 |
|a Geology and structure of Block Island Sound, Rhode Island and New York /
|c by Sally W. Needell and Ralph S. Lewis ; prepared in cooperation with the State of Connecticut, Department of Environmental Protection, Geological and Natural History Survey.
|
| 255 |
|
|
|a Scale 1:125,000
|c (W 72⁰15ʹ--W 71⁰30ʹ/N 41⁰23ʹ--N 41⁰00ʹ).
|
| 264 |
|
1 |
|a Reston, Va. :
|b U.S. Geological Survey,
|c 1984.
|
| 300 |
|
|
|a 9 maps on 4 sheets ;
|c 36 x 55 cm. or smaller, sheets 100 x 121 cm., folded in envelope 25 x 32 cm.
|
| 336 |
|
|
|a cartographic image
|b cri
|2 rdacontent
|
| 337 |
|
|
|a unmediated
|b n
|2 rdamedia
|
| 338 |
|
|
|a sheet
|b nb
|2 rdacarrier
|
| 490 |
1 |
|
|a Miscellaneous field studies / Department of the Interior, U.S. Geological Survey ;
|v map MF-1621
|
| 500 |
|
|
|a Isopach and structure contour lines.
|
| 500 |
|
|
|a Text and 3 maps on sheet 1.
|
| 500 |
|
|
|a Three maps on sheet 2.
|
| 500 |
|
|
|a Text, 3 maps, and 2 cross sections on sheet 3.
|
| 500 |
|
|
|a Location map and 8 seismic profiles on sheet 4.
|
| 504 |
|
|
|a Includes bibliography on sheet 1.
|
| 505 |
0 |
|
|a Figure 1. Index map showing study area -- Figure 2. Sea-floor topography and high-resolution subbottom profiles -- Figure 3. Depth to bedrock and submerged coastal-plain strata -- Figure 4. Thickness of glacial drift --Figure 5. Thickness of end-moraine deposits -- Figure 6. Thickness of glaciolacustrine deposits -- Figure 7. Depth to glacial drift surface -- Figure 8. Thickness of postglacial (Holocene) deposits -- Figure 9. Surficial geology and interpretive cross sections A-Aʹ and B-Bʹ.
|
| 500 |
|
|
|a Cartographic material.
|
| 650 |
|
0 |
|a Submarine topography
|z Rhode Island
|z Block Island Sound
|v Maps.
|
| 700 |
1 |
|
|a Lewis, Ralph S.
|
| 710 |
1 |
|
|a Connecticut.
|b Department of Environmental Protection.
|
| 710 |
2 |
|
|a State Geological and Natural History Survey of Connecticut.
|
| 740 |
0 |
|
|a Block Island Sound, Rhode Island and New York.
|
| 830 |
|
0 |
|a Miscellaneous field studies (Geological Survey (U.S.)) ;
|v map MF-1621.
|
| 994 |
|
|
|a C0
|b TXA
|
| 948 |
|
|
|a cataloged
|b h
|c 2009/12/22
|e rharris
|f 11:27:19 am
|
| 999 |
|
|
|a MARS
|
| 999 |
f |
f |
|s 58e5a645-36ea-3c5b-b33c-be9ff26cb6f3
|i 4f162c45-729c-341d-b141-0ff849965509
|t 0
|
| 952 |
f |
f |
|p normal
|a Texas A&M University
|b College Station
|c Sterling C. Evans Library
|d Evans: Maps File (2nd floor)
|t 0
|e I 19.113:MF-1621
|h Superintendent of Documents classification
|i unmediated -- sheet
|m A14824688047
|
| 998 |
f |
f |
|a I 19.113:MF-1621
|t 0
|l Evans: Maps File (2nd floor)
|